AUTOMOBILE ENGINEERING I (Record no. 5253)

MARC details
000 -LEADER
fixed length control field 00417nam a22001817a 4500
005 - DATE AND TIME OF LATEST TRANSACTION
control field 20170919162140.0
008 - FIXED-LENGTH DATA ELEMENTS--GENERAL INFORMATION
fixed length control field 160916b xxu||||| |||| 00| 0 eng d
020 ## - INTERNATIONAL STANDARD BOOK NUMBER
ISBN 978-81-8011-206-2
041 ## - LANGUAGE CODE
Language code of text/sound track or separate title eng
082 ## - DEWEY DECIMAL CLASSIFICATION NUMBER
Classification number 629.222
100 ## - MAIN ENTRY--AUTHOR NAME
Personal name SINGH,DR.KIRPAL
245 ## - TITLE STATEMENT
Title AUTOMOBILE ENGINEERING I
250 ## - EDITION STATEMENT
Edition statement 13th
260 ## - PUBLICATION, DISTRIBUTION, ETC. (IMPRINT)
Name of publisher STANDARD
Year of publication 2012
300 ## - PHYSICAL DESCRIPTION
Number of Pages 660
650 ## - SUBJECT ADDED ENTRY--TOPICAL TERM
Topical Term ENGINEERING
942 ## - ADDED ENTRY ELEMENTS (KOHA)
Koha item type Books
Holdings
Lost status Damaged status Collection code Home library Current library Shelving location Date acquired Source of acquisition Cost, normal purchase price Full call number Accession Number Koha item type
    Reference JRU Library   SHELF-72-D 16/09/2016 PURCHASE 375.00 629.222 21260 Books
      JRU Library   SHELF-47-M 16/09/2016 PURCHASE 375.00 629.222 21261 Books
      JRU Library   SHELF-47-M 16/09/2016 PURCHASE 375.00 629.222 21262 Books
      JRU Library   SHELF-47-M 16/09/2016 PURCHASE 375.00 629.222 21263 Books
      JRU Library   SHELF-47-M 16/09/2016 PURCHASE 375.00 629.222 21264 Books
    MINING JRU Library JRU Library SHELF-58-E 19/09/2017 Purchase 400.00 629.222 22054 Books
    MINING JRU Library JRU Library SHELF-58-E 19/09/2017 Purchase 400.00 629.222 22055 Books
    Reference JRU Library   SHELF-72-E 19/09/2017 Purchase 400.00 629.222 22056 Books